[Event "AUTO-MASTER-2246"]
[Site "http://www.queenalice.com/game.php?id=1340452"]
[Date "2015.2.10"]
[Round "1"]
[White "rubenov"]
[Black "PauloSantoro"]
[Result "1-0"]
[WhiteElo "2068"]
[BlackElo "2059"]

1. d4 e6 2. e4 c5 3. dxc5 Bxc5 4. Bd3 Nc6 5. Nf3 Nf6 6. O-O Qc7 7. h3 h6 8. a3
a6 9. Nc3 b5 10. Rb1 O-O 11. b4 Bb6 12. Ne2 d5 13. Ng3 Bb7 14. Bb2 dxe4 15. Nxe4
Nxe4 16. Bxe4 Rfd8 17. Bd3 e5 18. Qe2 Nd4 19. Nxd4 Bxd4 20. Bxd4 Rxd4 21. f3 Qb6
22. Kh1 Re8 23. Rbd1 e4 24. fxe4 Bxe4 25. Qf2 f6 26. Rfe1 Qd6 27. Kg1 Re5 28.
Bc4+ bxc4 29. Rxd4 Qe6 30. Qd2 Qf5 31. Rxc4 Bd5 32. Rxe5 Qxe5 33. Rc5 Qa1+ 34.
Kf2 1-0

[Event "AUTO-OPEN-3878"]
[Site "http://www.queenalice.com/game.php?id=1506331"]
[Date "2017.12.1"]
[Round "1"]
[White "kanibal"]
[Black "PauloSantoro"]
[Result "0-1"]
[WhiteElo "1654"]
[BlackElo "2067"]

1. d4 e6 2. e4 c5 3. d5 d6 4. c4 exd5 5. exd5 Nf6 6. Bg5 Be7 7. Nc3 Bg4 8. Be2
Bxe2 9. Qxe2 O-O 10. Nf3 Re8 11. O-O Nh5 12. Bxe7 Qxe7 13. Qd2 Nd7 14. Rae1 Qf6
15. Ne4 Qg6 16. Neg5 h6 17. Nh3 Ne5 18. Nh4 Qg4 19. Ng6 Qxg6 20. f4 Nxc4 21. Qc3
b5 22. b3 Nb6 23. f5 Qf6 24. Qa5 Nxd5 25. Qxb5 Rxe1 26. Rxe1 Qd4+ 27. Nf2 Nhf6
28. h3 Qb4 29. Qe2 Re8 30. Qf1 Rxe1 0-1

[Event "AUTO-OPEN-3878"]
[Site "http://www.queenalice.com/game.php?id=1506332"]
[Date "2017.12.1"]
[Round "1"]
[White "PauloSantoro"]
[Black "kanibal"]
[Result "1-0"]
[WhiteElo "2088"]
[BlackElo "1684"]

1. e4 e5 2. Nc3 Nf6 3. Nf3 Nc6 4. Bb5 a6 5. Bxc6 dxc6 6. Nxe5 Bd6 7. Nf3 Bb4 8.
O-O O-O 9. d3 Bxc3 10. bxc3 Bg4 11. Ba3 Re8 12. c4 b6 13. h3 Bxf3 14. Qxf3 c5
15. Bb2 Nd7 16. Qg3 g6 17. Qf4 a5 18. Rfe1 Re6 19. Qh6 Nf6 20. g4 Qd6 21. e5 Qc6
22. exf6 Rxf6 23. Bxf6 Qxf6 24. Qe3 Qc3 25. Qf3 Rf8 26. Rec1 f5 27. Qd5+ Kg7 28.
Re1 fxg4 29. Qe5+ Qxe5 30. Rxe5 gxh3 31. Re7+ Kh6 32. Rf1 Rf3 33. Rxc7 Rf4 34.
Kh2 Rh4 35. Kg3 Kh5 36. Rxh7+ 1-0

[Event "AUTO-OPEN-3878"]
[Site "http://www.queenalice.com/game.php?id=1506359"]
[Date "2017.12.1"]
[Round "1"]
[White "MarcosT"]
[Black "PauloSantoro"]
[Result "0-1"]
[WhiteElo "1836"]
[BlackElo "2050"]

1. e4 c5 2. Bc4 e6 3. Nc3 a6 4. a4 Qc7 5. Nf3 Nc6 6. d4 cxd4 7. Nxd4 Nf6 8. Bg5
Be7 9. O-O O-O 10. Ba2 Nxd4 11. Qxd4 h6 12. Bh4 b6 13. f4 Bc5 0-1

[Event "AUTO-OPEN-3878"]
[Site "http://www.queenalice.com/game.php?id=1506360"]
[Date "2017.12.1"]
[Round "1"]
[White "PauloSantoro"]
[Black "MarcosT"]
[Result "1-0"]
[WhiteElo "2061"]
[BlackElo "1817"]

1. d4 d5 2. c4 e6 3. Nc3 Nf6 4. cxd5 Nxd5 5. Nf3 Bb4 6. Bd2 Nxc3 7. bxc3 Ba5 8.
e4 Nc6 9. Bb5 Bd7 10. O-O h6 11. Qa4 Bb6 12. Qa3 a6 13. Bd3 Qe7 14. Qxe7+ Nxe7
15. c4 O-O 16. c5 Ba7 17. Bf4 c6 18. Bd6 Rfe8 19. Rab1 Nc8 20. Bf4 b6 21. Bc7
bxc5 22. dxc5 Bxc5 23. Ne5 Re7 24. Bd8 Re8 25. Nxd7 Bxf2+ 26. Rxf2 Rxd8 27. Nc5
Ne7 28. Bxa6 Ng6 29. Rb7 Ne5 30. Rc7 Rd1+ 31. Rf1 Rxf1+ 32. Kxf1 Ng6 33. Rc8+
1-0

[Event "AUTO-OPEN-3878"]
[Site "http://www.queenalice.com/game.php?id=1506379"]
[Date "2017.12.1"]
[Round "1"]
[White "PauloSantoro"]
[Black "Narizinho"]
[Result "1-0"]
[WhiteElo "2059"]
[BlackElo "1101"]

1. e4 e6 2. d4 Bb4+ 3. c3 Be7 4. Nf3 Nf6 5. Bd3 O-O 6. O-O Nc6 7. Be3 d5 8. e5
Ne8 9. Qc2 Bd7 10. Bxh7+ Kh8 11. Bd3 a6 12. Nbd2 f6 13. exf6 Bxf6 14. Rfe1 1-0

[Event "AUTO-OPEN-3878"]
[Site "http://www.queenalice.com/game.php?id=1506380"]
[Date "2017.12.1"]
[Round "1"]
[White "Narizinho"]
[Black "PauloSantoro"]
[Result "0-1"]
[WhiteElo "1103"]
[BlackElo "2057"]

1. e3 c5 2. Nc3 Nf6 3. Nf3 Nc6 4. Bb5 d6 5. O-O Bd7 6. d4 a6 7. Be2 Bf5 8. Bd2
cxd4 9. Bd3 Bxd3 10. cxd3 dxc3 11. bxc3 e5 12. d4 Be7 13. a3 O-O 0-1

[Event "AUTO-MASTER-2680"]
[Site "http://www.queenalice.com/game.php?id=1510174"]
[Date "2018.1.1"]
[Round "1"]
[White "punk"]
[Black "PauloSantoro"]
[Result "0-1"]
[WhiteElo "2165"]
[BlackElo "2090"]

1. d4 e6 2. e4 c5 3. d5 exd5 4. exd5 d6 5. Nf3 Nf6 6. c4 Be7 7. Bd3 O-O 8. O-O
Bg4 9. Nc3 Nbd7 10. Bf4 a6 11. h3 Nh5 12. Bh2 Bxf3 13. Qxf3 Nhf6 14. Rfe1 Re8
15. Ne4 Ne5 16. Bxe5 dxe5 17. Rad1 Bd6 18. Rd2 Nxe4 19. Qxe4 g6 20. Qg4 Qa5 21.
Rde2 Qxa2 22. Bb1 Qa5 23. f4 b5 24. f5 Bf8 25. fxg6 fxg6 26. Rxe5 Qxe1+ 27. Rxe1
Rxe1+ 28. Kf2 Rxb1 29. Qe6+ Kh8 30. Qc6 Rxb2+ 31. Kg3 Rb8 32. d6 bxc4 33. Qxc5
R8b3+ 34. Kh2 Rb8 35. Qe5+ Bg7 36. Qe6 c3 37. d7 Rf8 0-1

[Event "AUTO-MASTER-2680"]
[Site "http://www.queenalice.com/game.php?id=1510175"]
[Date "2018.1.1"]
[Round "1"]
[White "PauloSantoro"]
[Black "punk"]
[Result "1-0"]
[WhiteElo "2116"]
[BlackElo "2151"]

1. e4 c5 2. Nf3 Nc6 3. Nc3 e6 4. d4 cxd4 5. Nxd4 a6 6. Nxc6 bxc6 7. Bd3 d6 8.
O-O e5 9. f4 Nf6 10. Qf3 Be7 11. fxe5 dxe5 12. h3 Be6 13. Be3 O-O 14. Qg3 Nh5
15. Qxe5 Nf6 16. Rf3 Bd6 17. Qg5 Ne8 18. Qxd8 Rxd8 19. Bxa6 Rb8 20. Bd4 Rxb2 21.
e5 Bc7 22. Bc5 Bxe5 23. Bxf8 Kxf8 24. Rc1 Bxa2 25. Nxa2 Rxa2 26. Bc4 Ra7 27.
Rcf1 f6 28. g4 Nd6 29. Bd3 g6 30. Kg2 c5 31. Re1 Re7 32. g5 f5 33. Rfe3 Nf7 34.
h4 Bd6 35. Rxe7 Bxe7 36. Re6 Nd6 37. Ba6 Kf7 38. Re1 h6 39. gxh6 Bxh4 40. Rh1 g5
41. Rd1 Ne4 42. Rd7+ Kg8 43. Bc4+ Kh8 44. Rf7 Nd6 45. Rf8+ Kh7 46. Bd3 g4 47.
Bxf5+ Nxf5 48. Rxf5 Kxh6 49. Rxc5 Be1 50. c4 Kg6 51. Rd5 Kf6 52. Rd1 Bb4 53. Kg3
Ke5 54. Kxg4 Ke4 55. Rd5 Be7 56. Rd7 Bc5 57. Kg5 1-0

[Event "AUTO-MASTER-2680"]
[Site "http://www.queenalice.com/game.php?id=1510188"]
[Date "2018.1.1"]
[Round "1"]
[White "bouley"]
[Black "PauloSantoro"]
[Result "0-1"]
[WhiteElo "1946"]
[BlackElo "2069"]

1. e4 c5 2. Nf3 e6 3. d4 cxd4 4. Nxd4 a6 5. Nc3 b5 6. Bd3 Bb7 7. O-O Nf6 8. a3
Qc7 9. Be3 Nc6 10. Qe2 Be7 11. f3 O-O 12. Nb3 Ne5 13. Rfd1 d5 14. Nd4 Nxd3 15.
cxd3 Bc5 16. Rac1 Qb6 17. b4 Bxd4 18. Bxd4 Qxd4+ 19. Kh1 Rac8 20. Qd2 dxe4 21.
fxe4 Ng4 22. Rf1 Rfd8 23. Qf4 Nf6 24. e5 Qxf4 25. Rxf4 Nd5 26. Rff1 Rxc3 27.
Rxc3 Nxc3 0-1

[Event "AUTO-MASTER-2680"]
[Site "http://www.queenalice.com/game.php?id=1510189"]
[Date "2018.1.1"]
[Round "1"]
[White "PauloSantoro"]
[Black "bouley"]
[Result "1-0"]
[WhiteElo "2107"]
[BlackElo "1995"]

1. d4 Nf6 2. c4 g6 3. Nc3 Bg7 4. e4 d6 5. Nf3 c6 6. Be2 Bg4 7. O-O O-O 8. Be3
Nbd7 9. h3 Bxf3 10. Bxf3 e5 11. d5 cxd5 12. cxd5 a6 13. Qb3 b5 14. Qb4 Qe7 15.
Rfc1 Rfc8 16. Rc2 Nc5 17. Rac1 Bf8 18. Nb1 Nd3 19. Qd2 Nxc1 20. Qxc1 Rc4 21.
Rxc4 bxc4 22. Qxc4 Qb7 23. b3 Rc8 24. Qd3 Nd7 25. Be2 Nc5 26. Bxc5 Rxc5 27. Nd2
Rc1+ 28. Kh2 Bh6 29. Nc4 Qe7 30. Na5 Qf6 31. Qf3 Qxf3 32. Bxf3 Rc2 33. Kg3 Bf4+
34. Kh4 Rxa2 35. Nb7 Rxf2 36. Nxd6 Rb2 37. g3 g5+ 38. Kg4 h5+ 39. Kxh5 Bxg3 40.
Kxg5 Rxb3 41. Bh5 Bf4+ 42. Kf6 Rxh3 43. Bxf7+ Kf8 44. Nc4 Rh6+ 45. Bg6 Rh1 46.
d6 Rd1 47. Ke6 Bg5 48. Kxe5 Bd8 49. Ke6 Rc1 50. Ne5 a5 51. Kd7 Bb6 52. Nd3 Rc3
53. e5 a4 54. e6 Rxd3 55. e7+ Kg7 56. Bxd3 a3 57. e8=Q 1-0

[Event "AUTO-MASTER-2680"]
[Site "http://www.queenalice.com/game.php?id=1510198"]
[Date "2018.1.1"]
[Round "1"]
[White "PauloSantoro"]
[Black "Bruscato"]
[Result "1-0"]
[WhiteElo "2084"]
[BlackElo "1783"]

1. e4 c5 2. Nf3 d6 3. Nc3 Nd7 4. Bc4 e6 5. d3 a6 6. O-O b5 7. Bb3 Bb7 8. Qe2 Rc8
9. Bf4 Ngf6 10. a4 e5 11. Bg3 b4 12. Na2 Be7 13. c3 O-O 14. cxb4 cxb4 15. Nxb4
Nc5 16. Bc4 1-0

[Event "AUTO-MASTER-2680"]
[Site "http://www.queenalice.com/game.php?id=1510199"]
[Date "2018.1.1"]
[Round "1"]
[White "Bruscato"]
[Black "PauloSantoro"]
[Result "0-1"]
[WhiteElo "1787"]
[BlackElo "2080"]

1. e4 c5 2. Nf3 e6 3. d4 cxd4 4. Nxd4 a6 5. c4 Nf6 6. Nc3 Qc7 7. Be2 b6 8. Be3
Bb7 9. f3 Bc5 10. Qd3 O-O 11. Nc2 Nc6 12. Bxc5 bxc5 13. Ne3 Nd4 14. O-O Nh5 15.
g3 f5 16. exf5 Rf6 17. Rf2 Nxf5 0-1

[Event "AUTO-MASTER-2680"]
[Site "http://www.queenalice.com/game.php?id=1515430"]
[Date "2018.2.10"]
[Round "2"]
[White "CCapivara"]
[Black "PauloSantoro"]
[Result "0-1"]
[WhiteElo "2218"]
[BlackElo "2129"]

1. e4 c5 2. Nf3 e6 3. d4 cxd4 4. Nxd4 a6 5. Nc3 Qc7 6. a3 Nf6 7. Be3 Nc6 8. Be2
b5 9. O-O Bb7 10. Nb3 Ne5 11. f4 Nc4 12. Bxc4 bxc4 13. Nd2 d5 14. f5 O-O-O 15.
exd5 Bc5 16. Bxc5 Qxc5+ 17. Kh1 Nxd5 18. Nde4 Qc6 19. Qe2 Rhe8 20. Rae1 exf5 21.
Rxf5 Nxc3 22. Qg4 Rxe4 23. Rf4+ Qe6 24. Rfxe4 Nxe4 0-1

[Event "AUTO-MASTER-2680"]
[Site "http://www.queenalice.com/game.php?id=1515431"]
[Date "2018.2.10"]
[Round "2"]
[White "PauloSantoro"]
[Black "CCapivara"]
[Result "0-1"]
[WhiteElo "2144"]
[BlackElo "2256"]

1. d4 d6 2. Nf3 Nf6 3. c4 c6 4. Nc3 Bg4 5. e4 Nbd7 6. Be2 e5 7. O-O Be7 8. Be3
O-O 9. d5 cxd5 10. cxd5 a6 11. h3 Bh5 12. b4 Rc8 13. Rc1 Bg6 14. Bd3 Nb6 15. Qe2
Nbd7 16. Nd2 Bh5 17. g4 Bg6 18. f4 exf4 19. Bxf4 Qb6+ 20. Be3 Qxb4 21. Nc4 b5
22. e5 Bxd3 23. Qxd3 bxc4 24. Qf5 Nxe5 25. Bd4 Nfd7 26. Ne4 Qa3 27. Rc2 Qxh3 28.
Rg2 Nf6 29. Bxe5 dxe5 30. Nxf6+ Bxf6 31. Rf3 Qh4 32. Rh2 Qe1+ 33. Kg2 h6 34.
Rfh3 Bg5 35. Rh1 Qe2+ 36. Kg3 c3 37. R3h2 Qe3+ 38. Kg2 c2 0-1

[Event "AUTO-MASTER-2680"]
[Site "http://www.queenalice.com/game.php?id=1515434"]
[Date "2018.2.10"]
[Round "2"]
[White "PauloSantoro"]
[Black "kookaburra"]
[Result "0-1"]
[WhiteElo "2128"]
[BlackElo "2296"]

1. d4 Nf6 2. c4 c5 3. d5 b5 4. Nf3 bxc4 5. Nc3 g6 6. e4 d6 7. Bxc4 Bg7 8. O-O
O-O 9. e5 Ng4 10. e6 f5 11. Ng5 Ne5 12. Nf7 Nxf7 13. exf7+ Rxf7 14. Re1 Nd7 15.
Qe2 Ne5 16. Bb3 a5 17. Bg5 Bf8 18. f4 Nd7 19. Na4 Nf6 20. Nxc5 dxc5 21. d6 e6
22. Bxe6 Bxe6 23. Qxe6 Qxd6 24. Bxf6 Qxf4 25. Be5 Qa4 26. Rad1 Re8 27. Qd5 Qb4
28. a3 Qb7 29. Qc4 Qc6 30. Bf4 Rxe1+ 31. Rxe1 Qd7 32. a4 Bg7 33. b3 Bd4+ 34. Kf1
Kg7 35. Be5+ Bxe5 36. Rxe5 Qd1+ 37. Kf2 Rd7 38. Re2 Rd4 39. Qc3 Kf7 40. Qf3 Rd7
41. g4 Qd4+ 42. Kg3 Qxg4+ 43. Qxg4 fxg4 44. Rf2+ Ke6 45. Kxg4 h6 46. Re2+ Kf6
47. Re3 Rd4+ 48. Kg3 c4 49. b4 axb4 50. a5 c3 51. Re1 c2 52. a6 Rd7 0-1

[Event "AUTO-MASTER-2680"]
[Site "http://www.queenalice.com/game.php?id=1515435"]
[Date "2018.2.10"]
[Round "2"]
[White "kookaburra"]
[Black "PauloSantoro"]
[Result "1-0"]
[WhiteElo "2293"]
[BlackElo "2135"]

1. e4 c5 2. Nf3 e6 3. Nc3 a6 4. d4 cxd4 5. Nxd4 Qc7 6. Be2 Nf6 7. O-O Nc6 8. Be3
Bb4 9. Bd3 Ne5 10. f4 Neg4 11. Qf3 Nxe3 12. Qxe3 Bc5 13. Nce2 Qb6 14. c3 d5 15.
e5 Ne4 16. Bxe4 dxe4 17. b4 Be7 18. Qxe4 Bd7 19. Kh1 Rc8 20. f5 Bc6 21. Qg4 Rg8
22. fxe6 fxe6 23. Qxe6 Bxg2+ 24. Kxg2 Qxe6 25. Nxe6 Rc6 26. N2d4 Rxc3 27. Rac1
Bxb4 28. Rxc3 Bxc3 29. Rc1 Bxd4 30. Nxd4 Kf7 31. Kf3 Rd8 32. Ke4 Kg6 33. Rc7 1-0

[Event "AUTO-OPEN-3878"]
[Site "http://www.queenalice.com/game.php?id=1528158"]
[Date "2018.5.22"]
[Round "2"]
[White "PauloSantoro"]
[Black "Magogue"]
[Result "0-1"]
[WhiteElo "2122"]
[BlackElo "2634"]

1. e4 e5 2. Nf3 Nf6 3. Nxe5 Nxe4 4. d4 d6 5. Nf3 d5 6. Bd3 Bb4+ 7. c3 Be7 8. O-O
Nc6 9. Nbd2 f5 10. Ne5 Qd6 11. Ndf3 O-O 12. Nxc6 bxc6 13. Ne5 Bf6 14. f3 Bxe5
0-1

[Event "AUTO-OPEN-3878"]
[Site "http://www.queenalice.com/game.php?id=1528159"]
[Date "2018.5.22"]
[Round "2"]
[White "Magogue"]
[Black "PauloSantoro"]
[Result "0-1"]
[WhiteElo "2069"]
[BlackElo "2121"]

1. d4 e6 2. c4 Nf6 3. Nc3 c5 4. d5 exd5 5. cxd5 d6 6. e4 g6 7. Nf3 a6 8. Be2 Bg4
9. O-O Bg7 10. e5 dxe5 11. Nxe5 Bxe2 12. Qxe2 O-O 13. Bg5 Re8 14. f4 Qd6 15.
Bxf6 Bxf6 16. Rae1 Bg7 17. Nxf7 Rxe2 18. Nxd6 Bd4+ 19. Kh1 Rxe1 20. Rxe1 Nd7 21.
Re7 Nf6 22. Nde4 Nxe4 23. Nxe4 Kf8 24. d6 Re8 0-1

[Event "AUTO-OPEN-3878"]
[Site "http://www.queenalice.com/game.php?id=1528161"]
[Date "2018.5.22"]
[Round "2"]
[White "crapaud93600"]
[Black "PauloSantoro"]
[Result "0-1"]
[WhiteElo "1682"]
[BlackElo "2131"]

1. d4 e6 2. e4 c5 3. Nf3 cxd4 4. Nxd4 a6 5. c4 Nf6 6. Bd3 Nc6 7. Nxc6 dxc6 8.
Bg5 Bb4+ 9. Nc3 Qd4 10. O-O Bxc3 11. bxc3 Qxc3 12. Qe2 Qd4 13. Be3 Qd8 0-1